[Event "HUN-chT2 Breyer 1516"]
[Site "Hungary"]
[Date "2015.09.13"]
[Round "1.2"]
[White "Gal, Lajos"]
[Black "Szanto, Levente"]
[Result "0-1"]
[WhiteElo "1954"]
[BlackElo "1923"]
[PlyCount "72"]
[EventDate "2015.09.13"]
[EventType "team-tourn"]
[EventRounds "11"]
[EventCountry "HUN"]
[SourceTitle "CBM 170 Extra"]
[Source "ChessBase"]
[SourceDate "2016.02.25"]
[SourceVersion "1"]
[SourceVersionDate "2016.02.25"]
[SourceQuality "1"]
[WhiteTeam "Nyergesujfalu"]
[BlackTeam "Turul"]
[WhiteTeamCountry "HUN"]
[BlackTeamCountry "HUN"]

1. f4 d5 2. Nf3 g6 3. e3 Bg7 4. d4 c5 5. Bb5+ Bd7 6. Qe2 a6 7. Bxd7+ Nxd7 8. a4 e6 9. 0-0 Ne7 10. c3 0-0 11. b4 cxb4 12. cxb4 Nc6 13. Ba3 Re8 14. Nc3 Qb6 15. Qb2 Rec8 16. Rfd1 Qd8 17. b5 Na5 18. Rd3 Nc4 19. Qb3 Ndb6 20. Bc5 Bf8 21. a5 Bxc5 22. dxc5 Nd7 23. Na4 axb5 24. Qxb5 Rxa5 25. Qb4 Nxc5 26. Rdd1 Rxa4 27. Rxa4 Nxa4 28. Qxa4 Nb2 29. Qb3 Nxd1 30. Qxd1 b5 31. Nd4 b4 32. Qd2 Qb6 33. Qb2 Qc5 34. Kf2 Qc3 35. Qa2 Qa3 36. Qb1 Rc1 0-1

[Event "HUN-chT2 Breyer 1415"]
[Site "Hungary"]
[Date "2015.04.26"]
[Round "?"]
[White "Gal, Lajos"]
[Black "Juhasz, Mark"]
[Result "0-1"]
[WhiteElo "2021"]
[BlackElo "2194"]
[PlyCount "66"]
[EventDate "2014.09.07"]
[EventType "team-tourn"]
[EventRounds "11"]
[EventCountry "HUN"]
[SourceTitle "EXT 2016"]
[Source "ChessBase"]
[SourceDate "2015.10.08"]
[SourceVersion "1"]
[SourceVersionDate "2015.10.08"]
[SourceQuality "1"]
[WhiteTeam "Nyergesujfalu"]
[BlackTeam "Zsambek"]
[WhiteTeamCountry "HUN"]
[BlackTeamCountry "HUN"]

1. f4 d6 2. Nf3 Nf6 3. e3 Bg4 4. Be2 e6 5. 0-0 Be7 6. b3 0-0 7. Bb2 Nbd7 8. Nd4 Bxe2 9. Qxe2 c5 10. Nf3 a6 11. a4 Qc7 12. d3 b5 13. Nbd2 Nd5 14. Ng5 Bf6 15. Bxf6 N7xf6 16. Nge4 Nxe4 17. Nxe4 f5 18. Ng5 Qe7 19. axb5 axb5 20. c4 bxc4 21. bxc4 Nb4 22. d4 Qf6 23. Qd2 e5 24. Rxa8 Rxa8 25. dxe5 dxe5 26. Nf3 e4 27. Ne5 Rd8 28. Qe1 Nd3 29. Qa5 g5 30. fxg5 Qxg5 31. Nxd3 exd3 32. Qxc5 d2 33. Rd1 Qg4 0-1

[Event "HUN-chT2 Breyer 1415"]
[Site "Hungary"]
[Date "2015.01.25"]
[Round "?"]
[White "Gal, Lajos"]
[Black "Kubacsny, Laszlo"]
[Result "0-1"]
[WhiteElo "2021"]
[BlackElo "2256"]
[PlyCount "147"]
[EventDate "2014.09.07"]
[EventType "team-tourn"]
[EventRounds "11"]
[EventCountry "HUN"]
[SourceTitle "EXT 2016"]
[Source "ChessBase"]
[SourceDate "2015.10.08"]
[SourceVersion "1"]
[SourceVersionDate "2015.10.08"]
[SourceQuality "1"]
[WhiteTeam "Nyergesujfalu"]
[BlackTeam "Torokbalint"]
[WhiteTeamCountry "HUN"]
[BlackTeamCountry "HUN"]

1. f4 c5 2. Nf3 Nf6 3. e3 g6 4. d4 Bg7 5. c3 0-0 6. g3 b6 7. Bg2 Bb7 8. 0-0 d6 9. h3 Nbd7 10. Kh2 Qc7 11. a4 e5 12. Na3 a6 13. Ne1 Ne4 14. d5 f5 15. Bxe4 fxe4 16. c4 exf4 17. exf4 Rae8 18. Ng2 Bc8 19. Nc2 Nf6 20. Nce3 Qd7 21. g4 h5 22. f5 hxg4 23. hxg4 g5 24. Bd2 Kf7 25. Kg3 Rh8 26. Bc3 Rh7 27. Rh1 Rxh1 28. Qxh1 Rh8 29. Qd1 Qe7 30. Qb3 Nd7 31. f6 Bxf6 32. Rf1 Kg6 33. Bxf6 Nxf6 34. Qc3 Re8 35. Nf5 Bxf5 36. gxf5+ Kf7 37. Ne3 Rh8 38. a5 b5 39. cxb5 axb5 40. Ng4 b4 41. Qxf6+ Qxf6 42. Nxf6 Kxf6 43. Kg4 c4 44. a6 c3 45. bxc3 bxc3 46. Rc1 Rh4+ 47. Kg3 Kxf5 48. Rxc3 Rh7 49. Rb3 Ra7 50. Ra3 Ke5 51. Ra5 Kd4 52. Kg4 Kc4 53. Kxg5 e3 54. Ra2 Kd3 55. Ra3+ Kd2 56. Ra2+ Ke1 57. Kf5 Kf1 58. Ke6 e2 59. Rxe2 Kxe2 60. Kxd6 Kd3 61. Kc6 Rxa6+ 62. Kc7 Kc4 63. d6 Kc5 64. d7 Ra7+ 65. Kc8 Kc6 66. d8N+ Kb6 67. Ne6 Re7 68. Nd4 Kc5 69. Nf5 Rh7 70. Kd8 Kd5 71. Ne3+ Ke6 72. Nc4 Rg7 73. Kc8 Rg4 74. Nb6 0-1

[Event "HUN-chT2 Breyer 1314"]
[Site "Hungary"]
[Date "2013.09.08"]
[Round "1"]
[White "Gal, Lajos"]
[Black "Szekely, Csaba"]
[Result "1-0"]
[WhiteElo "2030"]
[BlackElo "2143"]
[PlyCount "55"]
[EventDate "2013.09.08"]
[EventType "team-tourn"]
[EventRounds "9"]
[EventCountry "HUN"]
[SourceTitle "EXT 2016"]
[Source "ChessBase"]
[SourceDate "2015.10.08"]
[SourceVersion "1"]
[SourceVersionDate "2015.10.08"]
[SourceQuality "1"]
[WhiteTeam "Zoltek"]
[BlackTeam "Tatabanya Turul"]
[WhiteTeamCountry "HUN"]
[BlackTeamCountry "HUN"]

1. f4 d6 2. Nf3 Nc6 3. d4 d5 4. e3 h5 5. Bb5 Bd7 6. c3 a6 7. Bd3 Nh6 8. e4 dxe4 9. Bxe4 e6 10. 0-0 Nf5 11. Qe2 Be7 12. Na3 0-0 13. Nc4 g6 14. Nce5 Nxe5 15. Nxe5 Rb8 16. g4 hxg4 17. Qxg4 Kg7 18. Rf2 Rh8 19. Rg2 Rh4 20. Qe2 c5 21. Be3 Bb5 22. Qf2 Nxe3 23. Qxe3 cxd4 24. cxd4 Bf6 25. Rd1 Qe7 26. Bxg6 Qc7 27. Bxf7+ Kf8 28. Bxe6 1-0